| 000 | 01035nam a22002417a 4500 | ||
|---|---|---|---|
| 005 | 20130605124158.0 | ||
| 008 | 090728t xxu||||| |||| 00| 0 pun d | ||
| 010 | _aPUN-7451 B-493904-908 | ||
| 020 |
_c475.00 _a8187654237X |
||
| 035 | _aPN-6569 B-493904-908 | ||
| 037 | _bDBAD / PUB/Manpreet Prakashan | ||
| 037 | _bBPPD/KKP | ||
| 040 |
_adpl _bPN |
||
| 082 | _a621.38 | ||
| 100 |
_937323 _aਥਾਪਰ,ਪ੍ਰਿਥਵੀ ਰਾਜ |
||
| 245 |
_aਸੰਚਾਰ, ਤਕਨੀਕ ਤੇ ਮਲਟੀਮੀਡੀਆ / _cਪ੍ਰਿਥਵੀ ਰਾਜ ਥਾਪਰ |
||
| 246 |
_aBind _bby Iqbal Deep |
||
| 260 |
_aDelhi _bManpreet Prakashan _c2012 |
||
| 270 |
_b16/16,1st Floor,Geeta Colony _aDelhi _k9312271252 _e110031 _mmanpreet1948@gmail.com |
||
| 300 |
_a96ਪਂ; _b17ਸੇਂਮੀ(ਸਜਿਲਦ) |
||
| 942 |
_2ddc _cPN _h851 _mਥਾਪਰ |
||
| 999 |
_c71168 _d71168 |
||